Personnages de Comédies françaises 1 - Statistiques

Statistiques générales
  • Ce quiz a été pris 117 fois
  • Le résultat moyen est 7 sur 15
Statistiques - réponses
Hint Réponse % Correct
François Pignon Le dîner de cons
91%
Jean-Claude Dusse Les bronzés
88%
Itinéris Astérix et Obélix : Mission Cléopâtre
62%
Mr Tricatel L'aile ou la cuisse
61%
Victor Pivert Rabbi Jacob
60%
Augustin Bouvet La grande Vadrouille
59%
François Perrin La chèvre
56%
Léopold Saroyan Le corniaud
43%
Pithivier La septième compagnie
42%
Fougasse Le gendarme
42%
Général Spontz Papy fait de la résistance
38%
François Perrin Le grand blond
29%
Mr Hulot Les vacances de Mr Hulot
29%
François Pignon L'emmerdeur
19%
Fernand Naudin Les tontons flingueurs
14%
Aucun quiz correspondant
Distribution des résultats
% des personnes avec chaque résultat
Percentile par nombre de réponses
Votre historique - résultats
Vous n’avez pas pris ce quiz